000 01520naa a22003497a 4500
001 BR9600471
003 BR-BrBNA
005 20240918181821.0
007 ta
008 230509b bl.||||| |||| 00| 0 por d
040 _aBR-BrBNA
_bpor
_cBiblioteca Nacional de Agricultura
041 _a(Pt)
072 _aK10
090 _aK10 BR9600471
100 1 _aLima, M.F.
100 1 _aOliveira, C.R. de
100 1 _aRodrigues, S.R.S.
100 1 _aSilva, F.M. da
100 1 _aBussons, N. de L.
111 1 _a1. Congresso Florestal Panamericano7. Congresso Florestal Brasileiro
_cCuritiba, PR (Brazil)
_d19-24 Sep 1993
245 1 _aEstudo da recuperacao da caatinga submetida ao manejo visando a producao sustentada de lenha
260 3 _aCuritiba, PR (Brasil):
_c1993.
500 _aAnais. 1. Congresso Florestal Panamericano. 7. Congresso Florestal Brasileiro. Floresta para o desenvolvimento: politica, ambiente, tecnologia e mercado. Trabalhos voluntarios e posters. v. 1. Curitiba, PR (Brasil): 1993. p. 356-358 (BR9600471-AM)K10
650 _aEssencia Florestal
650 _aManejo
650 _aRegeneracao
650 _aCaatinga
650 _aRegiao Semi-Arida
773 0 _tAnais. 1. Congresso Florestal Panamericano. 7. Congresso Florestal Brasileiro. Floresta para o desenvolvimento: politica, ambiente, tecnologia e mercado. Trabalhos voluntarios e posters. v. 1.
_wK10 BR9600471
_gCuritiba, PR (Brasil), 1993. p. 356-358
909 _a202404
_bLucia
_c55
_dLucia Elande
942 _cAM
_2AGRIS
999 _c326981
_d326981